Music Quiz

Random Music or Artist Quiz

Three-Word Albums Quiz Stats

 Plays Quiz Updated Aug 13, 2014

Support Sporcle.
Go Orange.
Score 0/24 Timer 06:00
0 Plays Today
Album (Year) Artist % Correct
Like a Virgin (1984)Madonna
95.6%
Let It Be (1970)The Beatles
93.4%
Back in Black (1980)AC/DC
89.4%
Born to Run (1975)Bruce Springsteen
87.8%
The Joshua Tree (1987)U2
85.7%
Born This Way (2011)Lady Gaga
80.6%
Sounds of Silence (1966)Simon & Garfunkel
75.2%
Appetite for Destruction (1987)Guns N' Roses
74.7%
Master of Puppets (1986)Metallica
71.8%
Jagged Little Pill (1995)Alanis Morissette
67.9%
What's Going On (1971)Marvin Gaye
66.1%
Off the Wall (1979)Michael Jackson
64%
Album (Year) Artist % Correct
Licensed to Ill (1986)Beastie Boys
62.6%
Slippery When Wet (1986)Bon Jovi
62.4%
Dangerously in Love (2003)Beyoncé
52.2%
Blonde on Blonde (1966)Bob Dylan
52%
No Jacket Required (1985)Phil Collins
45.9%
21st Century Breakdown (2009)Green Day
43.4%
Get a Grip (1993)Aerosmith
40.1%
No Strings Attached (2000)N'Sync
36.7%
Come On Over (1997)Shania Twain
30%
Sigh No More (2009)Mumford & Sons
20.2%
In the Zone (2003)Britney Spears
19.4%
Talk That Talk (2011)Rihanna
13.6%

You're not logged in!

Compare scores with friends on all Sporcle quizzes.
OR
Log In

From the Vault

Volcanic, Glacial, Weathered or Human-Made?

by SarahMcc

It's one thing to see geographic features on a map. But out in the wild, they look a bit different.
Remove Ads.
Support Sporcle.
Get the best of Sporcle when you Go Orange. This ad-free experience offers more features, more stats, and more fun while also helping to support Sporcle. Thank you for becoming a member.

Show Comments

Extras

Top Quizzes Today


Score Distribution

Your Account Isn't Verified!

In order to create a playlist on Sporcle, you need to verify the email address you used during registration. Go to your Sporcle Settings to finish the process.

Report this User

Report this user for behavior that violates our Community Guidelines.

Details: